Gminy powiatu Przeworskiego - Statystyki

Ogólne statystyki
  • Ten quiz został rozwiązany 49 razy
  • Średni wynik to 6 z 8
Statystyki odpowiedzi
Hint Odpowiedź % Poprawnych
Gmina Przeworsk
100%
Gmina Kańczuga
83%
Gmina Gać
72%
Gmina Sieniawa
66%
Gmina Tryńcza
66%
Gmina Zarzecze
66%
Gmina Jawornik Polski
59%
Gmina Adamówka
48%
Nie znaleziono quizów pasujących do podanych kryteriów
Rozkład punktacji
Procent ludzi z każdym wynikiem
Percentyl według liczby udzielonych odpowiedzi
Twoja historia wyników
Nie rozwiązałeś tego quizu